Ochrana pred legalizáciou príjmov z trestnej činnosti
Oboznámenie s problematikou ochrany pred legalizáciou príjmov z trestnej činnostia s povinnosťami, ktoré vyplývajú pre povinné právnické a fyzické osoby. Východisko pre spracovanie programu vlastnej činnosti a to najmä pre subjekty pôsobiace na úseku ekonomických služieb ako je vedenie účtovnej evid...
Gespeichert in:
| 1. Verfasser: | |
|---|---|
| Format: | Buchkapitel |
| Sprache: | Slowakisch |
| Schlagworte: | |
| Tags: |
Keine Tags, Fügen Sie das erste Tag hinzu!
|
MARC
| LEADER | 00000naa$a2200000$$$4500 | ||
|---|---|---|---|
| 001 | 0050513 | ||
| 005 | 20231116125159.1 | ||
| 041 | 0 | |a slo | |
| 044 | |a SK | ||
| 245 | 1 | 0 | |a Ochrana pred legalizáciou príjmov z trestnej činnosti |c Jana Acsová |
| 520 | |a Oboznámenie s problematikou ochrany pred legalizáciou príjmov z trestnej činnostia s povinnosťami, ktoré vyplývajú pre povinné právnické a fyzické osoby. Východisko pre spracovanie programu vlastnej činnosti a to najmä pre subjekty pôsobiace na úseku ekonomických služieb ako je vedenie účtovnej evidencie, ekonomické, daňové poradenstvo a audit. Vzor smernice. | ||
| 610 | 2 | 0 | |a pranie špinavých peňazí |
| 610 | 2 | 0 | |a činnosť trestná |
| 610 | 2 | 0 | |a úpravy právne |
| 610 | 2 | 0 | |a Slovensko |
| 100 | 1 | |a Acsová, Jana | |